Der Schäng-Quiz - Statistiken

Allgemein
  • Dieses Quiz wurde 37 mal gespielt
  • Das Durchschnittsergebnis liegt bei 7 aus 15
Antwortstatistiken
Frage Antwort % Korrekt
Wer hat mehr Rizz? Der Schäng
100%
Welcher Rat kommt vom Schäng Besucht mal wieder eure Oma!
67%
Darf ich Freunde sagen? Der Schaeng doch immer
67%
Mit was beginnt der Schaeng seine Videos? Hallo Freunde…
67%
Aus welchem Name ist der Kölner Spitzname Schäng abgeleitet? Jean
67%
„…“-Song Kirschblüten
67%
Wie heißt das Lied vom Schäng? Schäng Norris
67%
Was zum Geier ist Hawache? Eine koreanische Bowl
33%
Was macht der Schäng in seiner Freizeit Golf spielen
33%
Woher hat der Schäng kein Eis Singapur
33%
Was gibt’s am Ende der Aperolspur? Was süßes
33%
Warum kocht der Schäng nachts? Weil er die Nacht ist
33%
Welche Farbe hat die Flüssigkeit (Redbull) im Wald und Wiesen Hwachae? Lila
0%
Welches Hawache hat der Schäng noch nicht gemacht? Pizza-Hwachae
0%
Welches Video hat mehr Clicks? Schachteldöner?
0%
Keine übereinstimmenden Quizze gefunden
Verteilung der Resultate
Anzahl Personen mit jedem Resultat
Perzentil nach korrekt beantworteten Fragen
Ihre Resultats-Entwicklung
Sie haben dieses Quiz noch nicht gespielt